Nostalgia del absoluto / (Record no. 17648)

MARC details
000 -LEADER
campo de control de longitud fija 00790nam a2200253 i 4500
001 - NÚMERO DE CONTROL
campo de control 17648
003 - IDENTIFICADOR DE NÚMERO DE CONTROL
campo de control ES-MaACL
005 - FECHA Y HORA DE LA ÚLTIMA TRANSACCIÓN
campo de control 20250813063734.0
007 - CAMPO FIJO DE DESCRIPCIÓN FÍSICA--INFORMACIÓN GENERAL
campo de control de longitud fija t|
008 - DATOS DE LONGITUD FIJA--INFORMACIÓN GENERAL
campo de control de longitud fija 010419s2001 sp ||||1| spa d
020 ## - NÚMERO INTERNACIONAL ESTÁNDAR DEL LIBRO
Número Internacional Estándar del Libro 84-7844-541-2
080 ## - NÚMERO DE LA CLASIFICACIÓN DECIMAL UNIVERSAL
Número de la Clasificación Decimal Universal 008"19"
100 1# - ENTRADA PRINCIPAL--NOMBRE DE PERSONA
Nombre de persona Steiner, George,
Fechas asociadas al nombre 1929-2020
9 (RLIN) 108052
245 10 - MENCIÓN DEL TÍTULO
Título Nostalgia del absoluto /
Mención de responsabilidad, etc. George Steiner ; traducción de María Tabuyo y Agustín López.
260 ## - PUBLICACIÓN, DISTRIBUCIÓN, ETC.
Lugar de publicación, distribución, etc. Madrid :
Nombre del editor, distribuidor, etc. Siruela,
Fecha de publicación, distribución, etc. [2001]
300 ## - DESCRIPCIÓN FÍSICA
Extensión 133 p. ;
Dimensiones 15 cm.
490 1# - MENCIÓN DE SERIE
Mención de serie Biblioteca de ensayo ;
Designación de volumen o secuencia 12
650 14 - PUNTO DE ACCESO ADICIONAL DE MATERIA--TÉRMINO DE MATERIA
Término de materia o nombre geográfico como elemento de entrada Civilización-
Subdivisión cronológica S.XX.
9 (RLIN) 11085
700 1# - ENTRADA AGREGADA--NOMBRE PERSONAL
Nombre de persona Tabuyo, María
9 (RLIN) 109044
700 1# - ENTRADA AGREGADA--NOMBRE PERSONAL
Nombre de persona López, Agustín
9 (RLIN) 73297
830 0# - PUNTO DE ACCESO ADICIONAL DE SERIE-TÍTULO UNIFORME
Título uniforme Biblioteca de ensayo ;
Designación de volumen o secuencia 12
9 (RLIN) 178029
852 ## - LOCALIZACIÓN
Ubicación ES-MaACL
Número de control de estantería L-24439
Sublocalización o colección R.130033
Holdings
Estatus retirado Estado de pérdida Estado de daño No para préstamo Biblioteca de origen Biblioteca actual Ubicación en estantería Fecha de adquisición Fuente de adquisición Total de préstamos Signatura topográfica completa Código de barras Visto por última vez Precio de reemplazo Tipo de ítem Koha
        Biblioteca del Ateneo de Madrid Biblioteca del Ateneo de Madrid Depósito 2 17/01/2008     L-24439 1018004 23/02/2023 23/02/2023 Libro impreso